000 00654nam a2200205Ia 4500
003 GCL
008 140319s9999 xx 000 0 ara d
040 _aGCL /
_cGCL
082 0 4 _a796.33
_bم ح
100 1 _aمفتى ابراهيم
245 1 0 _aحارس المرمى /
_cمفتى ابراهيم
250 _aالاولى
260 _aالقاهرة :
_bدار الفكر العربى
300 _a304 ص ؛
_c24سم
490 _aالاعداد والمباراة للاعبى كرة القدم
_v1
650 0 4 _aالالعاب الرياضية
650 0 4 _aكرة القدم
650 0 4 _aالتدريب الرياضى
942 _2ddc
_cBK
999 _c31253
_d31253